Pays ayant gagné la Copa América – Mort subite - Statistiques

Statistiques générales
  • Ce quiz a été pris 130 fois
  • Le résultat moyen est 5 sur 8
Answers on the Grid
Answers color-coded by a green-red scale on the quiz's grid according to % correct below.
Argentine
Brésil
Uruguay
Chili
Bolivie
Colombie
Pérou
Paraguay
Équateur
Venezuela
Mexique
Panama
Jamaïque
États-Unis
Costa Rica
Canada
Haïti
Honduras
Nicaragua
Guyana
 
Statistiques - réponses
Réponse % Correct
Argentine
87%
Brésil
81%
Uruguay
75%
Chili
69%
Colombie
65%
Pérou
38%
Paraguay
25%
Bolivie
19%
Aucun quiz correspondant
Distribution des résultats
% des personnes avec chaque résultat
Percentile par nombre de réponses
Votre historique - résultats
Vous n’avez pas pris ce quiz